Online Catalogue and eLibrary

Customs and rituals of sinhala Buddhists (Record no. 930)

MARC details
000 -LEADER
fixed length control field 00487nam a2200181Ia 4500
005 - DATE AND TIME OF LATEST TRANSACTION
control field 20240726030934.0
008 - FIXED-LENGTH DATA ELEMENTS--GENERAL INFORMATION
fixed length control field 240331s9999 xx 000 0 und d
020 ## - INTERNATIONAL STANDARD BOOK NUMBER
ISBN 9559539418
082 ## - DDC Classification
Class No. 294.34
Item Number - Author Mark WIT
100 ## - MAIN ENTRY--PERSONAL NAME
Personal name Witanachchi, L.K
245 #0 - TITLE STATEMENT
Title Customs and rituals of sinhala Buddhists
Statement of responsibility, etc. Lalitha Karalliadde Witanachchi
260 ## - PUBLICATION, DISTRIBUTION, ETC.
Place of publication, distribution, etc. Dehiawala
Name of publisher, distributor, etc. Sridevi Printers (Pvt) Ltd
Date of publication, distribution, etc. 1999
300 ## - PHYSICAL DESCRIPTION
Extent (e.g. Volumes, Pages etc.) 64 p .,
650 ## - SUBJECT ADDED ENTRY--TOPICAL TERM
Topical term or geographic name entry element Rituals
650 ## - SUBJECT ADDED ENTRY--TOPICAL TERM
Topical term or geographic name entry element Religion
650 ## - SUBJECT ADDED ENTRY--TOPICAL TERM
Topical term or geographic name entry element Buddhist
942 ## - Koha item type (Biblio)
Koha item type Books in Stacks (Lending)
Holdings
Lost status Damaged status Collection code Home library Current library Shelving location Date acquired Full call number Accession Number Item type
    Lending WERC Library WERC Library Social Science Cupboard 03/31/2024 294.34 WIT 4108 Books in Stacks (Lending)

© WERC Library